Lược sử kinh tế học A little history of economics
Trình bày lịch sử 2000 năm phát triển những tư tưởng, quan điểm kinh tế học, hình thái, học thuyết và quy luật kinh tế then chốt trong các xã hội phương Tây
Salvato in:
| Autore principale: | |
|---|---|
| Altri autori: | |
| Natura: | Libro |
| Lingua: | Undetermined |
| Pubblicazione: |
H.
Thế giới ; Công ty Văn hóa và Truyền thông Nhã Nam
2020
|
| Soggetti: | |
| Accesso online: | http://lrc.tdmu.edu.vn/opac/search/detail.asp?aID=2&ID=41316 |
| Tags: |
Aggiungi Tag
Nessun Tag, puoi essere il primo ad aggiungerne! !
|
| Thư viện lưu trữ: | Trung tâm Học liệu Trường Đại học Thủ Dầu Một |
|---|
| LEADER | 01028nam a2200229Ia 4500 | ||
|---|---|---|---|
| 001 | TDMU_41316 | ||
| 008 | 210410s9999 xx 000 0 und d | ||
| 082 | |a 523.1 | ||
| 090 | |b K313 | ||
| 100 | |a Kishtainy, Niall | ||
| 245 | 0 | |a Lược sử kinh tế học | |
| 245 | 2 | |b A little history of economics | |
| 245 | 0 | |c Niall Kishtainy ; Tạ Ngọc Thạch, Nguyễn Trọng Tuấn (dịch) | |
| 260 | |a H. | ||
| 260 | |b Thế giới ; Công ty Văn hóa và Truyền thông Nhã Nam | ||
| 260 | |c 2020 | ||
| 300 | |a 313tr. | ||
| 520 | |a Trình bày lịch sử 2000 năm phát triển những tư tưởng, quan điểm kinh tế học, hình thái, học thuyết và quy luật kinh tế then chốt trong các xã hội phương Tây | ||
| 650 | |a Lịch sử |x Kinh tế học | ||
| 700 | |a Tạ, Ngọc Thạch | ||
| 856 | |u http://lrc.tdmu.edu.vn/opac/search/detail.asp?aID=2&ID=41316 | ||
| 980 | |a Trung tâm Học liệu Trường Đại học Thủ Dầu Một | ||